[Event "Split op 8th"]
[Site "Split"]
[Date "2018.08.12"]
[Round "1"]
[White "Filipovic, Irena"]
[Black "Pecnik, Leo"]
[Result "0-1"]
[WhiteElo "1824"]
[BlackElo "2320"]
[PlyCount "68"]
[EventDate "2018.08.12"]
[EventType "swiss"]
[EventRounds "9"]
[EventCountry "CRO"]
[SourceTitle "CBM 186 Extra"]
[Source "ChessBase"]
[SourceDate "2018.08.24"]
[SourceVersion "1"]
[SourceVersionDate "2018.08.24"]
[SourceQuality "1"]

1. d4 d6 2. Bf4 g6 3. e3 Bg7 4. Nf3 Nd7 5. Bd3 e5 6. Bg3 Qe7 7. dxe5 dxe5 8. Nc3 c6 9. 0-0 Ngf6 10. Bc4 0-0 11. Bb3 b5 12. a3 a5 13. Qd2 Bb7 14. Rfd1 Rad8 15. Qd6 Qxd6 16. Rxd6 b4 17. axb4 axb4 18. Na4 Ne4 19. Rdd1 h6 20. Nd2 Ndc5 21. Nxc5 Nxc5 22. e4 Ba6 23. f3 Be2 24. Kf2 Bxd1 25. Rxd1 Nxb3 26. cxb3 Rd3 27. Ke2 Rfd8 28. Bf2 Bf6 29. Be3 Bg5 30. Bxg5 hxg5 31. h3 f5 32. Ke1 Re3+ 33. Kf2 Rxb3 34. Nxb3 Rxd1 0-1

[Event "Celerina op 12th"]
[Site "Celerina"]
[Date "2018.05.21"]
[Round "5"]
[White "Filipovic, Irena"]
[Black "Casadio, Lorenzo"]
[Result "1/2-1/2"]
[WhiteElo "1800"]
[BlackElo "1891"]
[PlyCount "34"]
[EventDate "2018.05.19"]
[EventType "swiss"]
[EventRounds "5"]
[EventCountry "SUI"]
[SourceTitle "CBM 184 Extra"]
[Source "ChessBase"]
[SourceDate "2018.06.28"]
[SourceVersion "1"]
[SourceVersionDate "2018.06.28"]
[SourceQuality "1"]

1. e4 c5 2. d3 Nc6 3. g3 g6 4. Bg2 Bg7 5. f4 e6 6. Nf3 Nge7 7. 0-0 0-0 8. c3 d6 9. Be3 Qc7 10. Na3 a6 11. Nc2 b5 12. d4 c4 13. Qe2 d5 14. e5 Bd7 15. g4 a5 16. a3 Rab8 17. Bd2 Rfd8 1/2-1/2

[Event "Celerina op 12th"]
[Site "Celerina"]
[Date "2018.05.19"]
[Round "1"]
[White "Everett, Elijah David"]
[Black "Filipovic, Irena"]
[Result "0-1"]
[WhiteElo "2180"]
[BlackElo "1800"]
[PlyCount "64"]
[EventDate "2018.05.19"]
[EventType "swiss"]
[EventRounds "5"]
[EventCountry "SUI"]
[SourceTitle "CBM 184 Extra"]
[Source "ChessBase"]
[SourceDate "2018.06.28"]
[SourceVersion "1"]
[SourceVersionDate "2018.06.28"]
[SourceQuality "1"]

1. e4 c5 2. d3 Nc6 3. g3 g6 4. Bg2 Bg7 5. f4 d6 6. Nf3 e6 7. 0-0 Nge7 8. c3 0-0 9. Be3 f5 10. Na3 b6 11. Bf2 e5 12. exf5 Bxf5 13. Qb3+ d5 14. Nxe5 Nxe5 15. fxe5 Bxd3 16. Rfe1 c4 17. Qb5 Kh8 18. b3 Qc7 19. bxc4 Rad8 20. Rad1 dxc4 21. Bf1 Rd5 22. Qb4 Nc6 23. Qb2 Nxe5 24. Bg2 Rdd8 25. Nb5 Qf7 26. Re3 Qxf2+ 27. Qxf2 Rxf2 28. Kxf2 Ng4+ 29. Kf3 Nxh2+ 30. Kf4 Rf8+ 31. Kg5 Rf5+ 32. Kh4 Rh5# 0-1

[Event "SUI-ch 117th"]
[Site "Graechen"]
[Date "2017.07.17"]
[Round "5"]
[White "Radt, Volker"]
[Black "Filipovic, Irena"]
[Result "1-0"]
[WhiteElo "2044"]
[BlackElo "1832"]
[PlyCount "120"]
[EventDate "2017.07.13"]
[EventType "swiss"]
[EventRounds "9"]
[EventCountry "SUI"]
[SourceTitle "EXT 2019"]
[Source "ChessBase"]
[SourceDate "2018.10.10"]
[SourceVersion "1"]
[SourceVersionDate "2018.10.10"]
[SourceQuality "1"]

1. Nf3 b6 2. d4 Bb7 3. e3 e6 4. Bd3 Nf6 5. 0-0 Be7 6. Nbd2 0-0 7. b3 d5 8. Bb2 Nbd7 9. c4 c6 10. Qe2 Rc8 11. Rac1 Bd6 12. Rfd1 Qe7 13. e4 dxe4 14. Nxe4 Nxe4 15. Qxe4 Nf6 16. Qh4 h6 17. Bb1 Nh7 18. Qe4 Nf6 19. Qd3 Ba3 20. Bxa3 Qxa3 21. Ne5 Rfd8 22. Rc2 Qe7 23. Rcd2 Ba8 24. Ng4 Kf8 25. Ne5 Bb7 26. Re1 Qd6 27. Qf3 Qe7 28. Qe3 Qd6 29. Qf3 Qe7 30. Be4 Qd6 31. Red1 Qc7 32. h3 Nxe4 33. Qxe4 Kg8 34. c5 bxc5 35. dxc5 Rd5 36. Nc4 Rcd8 37. Nd6 Rxc5 38. Qb4 Rd5 39. Rxd5 cxd5 40. Qxb7 Qxd6 41. Qxa7 Qc6 42. Qd4 e5 43. Qxe5 Qc2 44. Rxd5 Rxd5 45. Qxd5 Qxa2 46. Qd8+ Kh7 47. Qd3+ Kg8 48. f4 Qa7+ 49. Kf1 Qa1+ 50. Kf2 Qa2+ 51. Kg3 Qa5 52. Qd4 Qb5 53. b4 Kf8 54. Qd8+ Qe8 55. Qxe8+ Kxe8 56. Kf3 Kd7 57. Ke4 Kc6 58. Kd4 Kb5 59. Kc3 f6 60. f5 h5 1-0

[Event "CRO-chT2 North (Women)"]
[Site "Topusko"]
[Date "2010.08.27"]
[Round "4.12"]
[White "Filipovic, Irena"]
[Black "Rozic, Lucija"]
[Result "1-0"]
[WhiteElo "2065"]
[BlackElo "1522"]
[PlyCount "60"]
[EventDate "2010.08.26"]
[EventType "team-tourn"]
[EventRounds "7"]
[EventCountry "CRO"]
[SourceTitle "EXT 2012"]
[Source "ChessBase"]
[SourceDate "2011.11.24"]
[SourceVersion "1"]
[SourceVersionDate "2011.11.24"]
[SourceQuality "1"]

1. e4 e6 2. d4 d5 3. e5 c5 4. Nf3 Nc6 5. Bd3 Qb6 6. 0-0 Bd7 7. Re1 cxd4 8. Nbd2 Bb4 9. Ng5 h6 10. Qh5 hxg5 11. Qxh8 0-0-0 12. Qxg7 Rf8 13. Qxg5 Nge7 14. a3 Bxd2 15. Bxd2 Qd8 16. g3 Rg8 17. Qf6 Qe8 18. h4 Ng6 19. h5 Nge7 20. Kg2 Rh8 21. Rh1 Qg8 22. Rag1 Kc7 23. Kf1 Nc8 24. Bh6 Qd8 25. Bg7 Qxf6 26. Bxf6 Re8 27. h6 N8e7 28. h7 Ng6 29. Bxg6 fxg6 30. h8Q Rxh8 1-0

[Event "CRO-chT2 North (Women)"]
[Site "Topusko"]
[Date "2010.08.27"]
[Round "3.41"]
[White "Ivekovic, Ana"]
[Black "Filipovic, Irena"]
[Result "1-0"]
[WhiteElo "1956"]
[BlackElo "2065"]
[PlyCount "77"]
[EventDate "2010.08.26"]
[EventType "team-tourn"]
[EventRounds "7"]
[EventCountry "CRO"]
[SourceTitle "EXT 2012"]
[Source "ChessBase"]
[SourceDate "2011.11.24"]
[SourceVersion "1"]
[SourceVersionDate "2011.11.24"]
[SourceQuality "1"]

1. e4 Nf6 2. e5 Nd5 3. d4 d6 4. exd6 cxd6 5. Nf3 Nc6 6. Be2 g6 7. b3 Bg7 8. c4 Nb6 9. Bb2 0-0 10. 0-0 Bg4 11. a4 a5 12. Na3 Nb4 13. Bc3 Nc6 14. Qd2 Nc8 15. Rac1 Qb6 16. Nb5 N8a7 17. d5 Bxc3 18. Rxc3 Bxf3 19. Rxf3 Ne5 20. Rh3 f5 21. Nd4 Nd7 22. Qh6 Rf7 23. Ne6 Nf8 24. Ng5 Rg7 25. Re3 Qd4 26. Re1 Qf6 27. Bd3 Re8 28. Ne6 Nxe6 29. Rxe6 Qf7 30. Qe3 Nc8 31. c5 f4 32. Qd4 f3 33. g3 g5 34. Qe3 dxc5 35. Qxc5 Qh5 36. Qe3 Rf8 37. Bf1 g4 38. Rh6 Qxd5 39. Bc4 1-0

[Event "CRO-chT2 North (Women)"]
[Site "Topusko"]
[Date "2010.08.26"]
[Round "1.32"]
[White "Filipovic, Irena"]
[Black "Neferanovic, Irena"]
[Result "1/2-1/2"]
[WhiteElo "2065"]
[BlackElo "1685"]
[PlyCount "58"]
[EventDate "2010.08.26"]
[EventType "team-tourn"]
[EventRounds "7"]
[EventCountry "CRO"]
[SourceTitle "EXT 2012"]
[Source "ChessBase"]
[SourceDate "2011.11.24"]
[SourceVersion "1"]
[SourceVersionDate "2011.11.24"]
[SourceQuality "1"]

1. e4 e5 2. Nf3 Nc6 3. Bb5 a6 4. Bxc6 dxc6 5. 0-0 Bg4 6. h3 Bh5 7. g4 Bg6 8. Nxe5 Bd6 9. Nxg6 hxg6 10. Qf3 Qe7 11. d3 0-0-0 12. Kg2 Qe5 13. Rh1 Rf8 14. Nd2 f5 15. Nc4 Qe6 16. Nxd6+ cxd6 17. Bg5 Nh6 18. Bxh6 gxh6 19. b3 f4 20. h4 Qe5 21. a4 Qc3 22. Rac1 g5 23. h5 Rh7 24. Rhe1 Re7 25. Red1 Qe5 26. c3 Qe6 27. b4 b5 28. a5 Kb8 29. Rd2 Qd7 1/2-1/2

[Event "CRO-chT (Women)"]
[Site "Pula"]
[Date "1999.09.18"]
[Round "9"]
[White "Filipovic, Irena"]
[Black "Stevanec, Lea"]
[Result "0-1"]
[WhiteElo "2010"]
[BlackElo "2092"]
[PlyCount "60"]
[EventDate "1999.09.05"]
[EventType "team"]
[EventRounds "9"]
[EventCountry "CRO"]
[SourceTitle "EXT 2000"]
[Source "ChessBase"]
[SourceDate "1999.11.16"]
[SourceVersion "1"]
[SourceVersionDate "1999.11.16"]
[SourceQuality "1"]

1. e4 c5 2. c3 d6 3. d4 Nf6 4. Bd3 e6 5. Nf3 Nc6 6. 0-0 Be7 7. h3 0-0 8. Qe2 cxd4 9. cxd4 Nb4 10. Bc4 d5 11. exd5 exd5 12. Bb3 Bf5 13. Re1 Bd6 14. Be3 Re8 15. Rd1 Rc8 16. Nc3 Bf4 17. Qb5 Bxe3 18. Qxb4 Bf4 19. Qxb7 Re7 20. Qb5 Rb8 21. Qf1 Be4 22. Nxe4 dxe4 23. Ne5 Rc8 24. Qb5 Qc7 25. Nc4 e3 26. Nxe3 Rxe3 27. fxe3 Bxe3+ 28. Kh1 Ne4 29. Qe5 Nf2+ 30. Kh2 Bf4+ 0-1

[Event "CRO-chT (Women)"]
[Site "Pula"]
[Date "1999.09.14"]
[Round "5"]
[White "Mihalincic, Irena"]
[Black "Filipovic, Irena"]
[Result "1-0"]
[WhiteElo "2087"]
[BlackElo "2010"]
[PlyCount "71"]
[EventDate "1999.09.05"]
[EventType "team"]
[EventRounds "9"]
[EventCountry "CRO"]
[SourceTitle "EXT 2000"]
[Source "ChessBase"]
[SourceDate "1999.11.16"]
[SourceVersion "1"]
[SourceVersionDate "1999.11.16"]
[SourceQuality "1"]

1. e4 Nf6 2. e5 Nd5 3. c4 Nb6 4. d4 d6 5. exd6 cxd6 6. Nc3 g6 7. Nf3 Bg7 8. Be2 Nc6 9. h3 0-0 10. 0-0 d5 11. c5 Nc4 12. b3 N4a5 13. Bf4 Bf5 14. a3 b6 15. b4 Nc4 16. b5 N6a5 17. c6 e6 18. g4 Be4 19. Ne5 Nxe5 20. Bxe5 Bxe5 21. dxe5 Qh4 22. Kh2 h5 23. f3 hxg4 24. fxg4 Kg7 25. Qe1 Qg5 26. Qg3 Qd2 27. Ra2 Qd4 28. Rd1 Qc5 29. Nxe4 dxe4 30. Qf4 Nc4 31. Bxc4 Qxc4 32. Rf2 f5 33. exf6+ Kg8 34. Rd7 Rf7 35. Rxf7 Kxf7 36. Qc7+ 1-0

[Event "YUG-chT Cup (Women)"]
[Site "Becici"]
[Date "1994.??.??"]
[Round "6"]
[White "Filipovic, Irena"]
[Black "Bojkovic, Natasa"]
[Result "0-1"]
[WhiteElo "2010"]
[BlackElo "2410"]
[PlyCount "56"]
[EventDate "1994.??.??"]
[EventType "team"]
[EventRounds "6"]
[EventCountry "YUG"]
[SourceTitle "EXT 2002"]
[Source "ChessBase"]
[SourceDate "2001.11.25"]
[SourceVersion "1"]
[SourceVersionDate "2001.11.25"]
[SourceQuality "1"]

1. e4 c5 2. c3 Nf6 3. e5 Nd5 4. d4 cxd4 5. Nf3 e6 6. Bg5 Qb6 7. Nxd4 h6 8. Bc1 Bc5 9. Be2 Nc6 10. 0-0 Bxd4 11. cxd4 Qxd4 12. Qxd4 Nxd4 13. Bd1 b6 14. Na3 Ba6 15. Re1 Rc8 16. Bd2 Bd3 17. Be3 Nxe3 18. Rxe3 Ba6 19. Re4 Nc6 20. Ra4 Bd3 21. Nc4 Ke7 22. Nd6 Rb8 23. f4 f6 24. Bf3 h5 25. Bxc6 dxc6 26. Rd4 Ba6 27. Rad1 Rhd8 28. Nf5+ exf5 0-1

[Event "Biel op (Women)"]
[Site "Biel"]
[Date "1990.??.??"]
[Round "3"]
[White "Lazic, Marina"]
[Black "Filipovic, Irena"]
[Result "1-0"]
[WhiteElo "2150"]
[BlackElo "2025"]
[PlyCount "69"]
[EventDate "1990.07.??"]
[EventType "swiss"]
[EventRounds "9"]
[EventCountry "SUI"]
[SourceTitle "TD"]
[Source "ChessBase"]
[SourceDate "1994.03.01"]
[SourceVersion "1"]
[SourceVersionDate "1994.03.01"]
[SourceQuality "1"]

1. d4 Nf6 2. c4 g6 3. Nc3 d5 4. cxd5 Nxd5 5. e4 Nxc3 6. bxc3 Bg7 7. Bc4 c5 8. Ne2 0-0 9. Be3 Nc6 10. Rc1 cxd4 11. cxd4 Qa5+ 12. Kf1 Bd7 13. h4 h5 14. Ng3 Bg4 15. f3 Bd7 16. Kf2 Rad8 17. Bb3 Nxd4 18. Bxd4 Bb5 19. Bd5 e6 20. Bxg7 Kxg7 21. Qd4+ Kg8 22. Rc2 exd5 23. exd5 Bc6 24. Ne4 Qa4 25. Qc3 f5 26. Nc5 Qxc2+ 27. Qxc2 Bxd5 28. Rd1 b6 29. Nd3 Rc8 30. Qb2 Rfd8 31. Nf4 Bf7 32. Rxd8+ Rxd8 33. Kg3 Rd6 34. Qe5 Rd7 35. Ne6 1-0